000 00622nam a2200241Ia 4500
003 OSt
005 20221006144714.0
006 a|||||r|||| 00| 0
007 ta
008 221006b |||||||| |||| 00| 0 eng d
020 _c
_5.00
024 _a12,435
037 _cTextual
040 _aEASL
_cEASL
_beng
041 _2eng
_aeng
082 _aV41.N63<-M83, K7
100 _aFITCH George A
_9652658
245 0 _aMy eighty years in China
260 _aChina
_bMei Ya Pub.
_c1967
300 _a493p.
_ccm.
942 _hV41.N63<-M83, K7
_cTEXL
_2CC
999 _c1080521
_d1080521